Star wars Battlefront 2015 - Statistics

General Stats
  • This quiz has been taken 17 times
  • The average score is 49 of 119
Answer Stats
Hint Answer % Correct
Planet where Jabba the Hutt lives Tatooine
100%
City in the clouds Bespin
89%
Planet destroying weapon Death star
89%
Moon of the ewoks Endor
89%
Cold planet with Wampas Hoth
89%
Beach planet Scariff
89%
4 legged imperial vehicle AT-AT
67%
2 legged imperial vehicle AT-ST
67%
faster rebel flying vehicle A-wing
67%
mandalorian Boba Fett
67%
trandoshan villain Bossk
67%
Hero who is furry and very strong Chewbacca
67%
Tall villain with lightsaber Darth Vader
67%
villain who has bandages Dengar
67%
leader of the empire Emperor Palpatine
67%
villain who didn't shoot first Greedo
67%
The man who shot first Han Solo
67%
Planet where the death star wreckage is Jakku
67%
Hero who has a truncheon surge Jyn erso
67%
Hero who owns many capes Lando Calrissian
67%
Hero with a green lightsaber luke skywalker
67%
Hero ship of Han Solo Milennium Falcon
67%
Hero who helped blow up death star 2 Nien nunb
67%
princess of alderaan Princess leia
67%
Planet with lava where nien nunb is from Sullust
67%
Flying imperial vehicle TIE fighter
67%
Rebel flying vehicle X-wing
67%
6 vs 6 team deathmatch blast
56%
Basic stormtrooper blaster E-11
56%
Boba Fett's blaster EE-3
56%
villain with an astromech droid shield Orson krennic
56%
Hero ship of Boba Fett Slave 1
56%
endor fast vehicle speeder bike
56%
grenade thermal detonator
56%
Faster flying imperial vehicle TIE interceptor
56%
Healing grenade Bacta bomb
44%
grenade launcher Barrage
44%
Flying vehicle only in Bespin Cloud Car
44%
gas grenade dioxis grenade
44%
Bespin scatter rifle EE-4
44%
adds splash damage to bullets explosive shot
44%
blinds enemies flash grenade
44%
6 vs 6 round based with heroes Heroes Vs Villains
44%
detonates on impact impact grenade
44%
grenade that damages vehicles ion grenade
44%
missile that damages vehicles ion torpedo
44%
barrage of missiles orbital strike
44%
device that shields teammates squad shield
44%
satisfying grenade Thermal imploder
44%
Flying vehicle you can only be the gunner of U-wing
44%
turret that shoots vehicles vehicle turret
44%
Game mode with uplink stations walker assault
44%
portable cannon blaster cannon
33%
Chewbacca's weapon bowcaster
33%
Game mode involving carrying the objective cargo
33%
Tusken raider weapon cycler rifle
33%
charge up rifle disruptor rifle
33%
Han solo pistol DL-44
33%
FX series Health ________ droid
33%
Game mode with drop pods drop zone
33%
Greedo's pistol DT-12
33%
trait that improves movement speed escape artist
33%
outer rim only, cargo transported across map extraction
33%
One hero against a group Hero hunt
33%
automated turret infantry turret
33%
Scariff only mode where you help to steal death star plans infiltration
33%
improves gun damage to vehicles ion shot
33%
allows player to briefly fly jump pack
33%
grenade with a laser laser trip mine
33%
protects player from blasters personal shield
33%
grenade that blows up near enemies proximity bomb
33%
laser rifle pulse cannon
33%
Hero Ship of Luke Skywalker Red Five
33%
Bossk's rifle Relby V-10
33%
Best game mode, bespin only, tabana gas generators sabotage
33%
Heavy shotgun scatter gun
33%
trait that prevents enemies seeing you on radar scout
33%
Imperial officer pistol SE-14C
33%
trait that grants bonus damage while zooming sharpshooter
33%
RPG smart rocket
33%
death trooper grenade sonic imploder
33%
Game mode involving controlling zones supremacy
33%
Hero ship of Darth Vader TIE Advanced
33%
Lando's pistol X-8 night sniper
33%
Jyn erso's pistol A180
22%
Rebel main rifle A280c
22%
grants health over time Adrenaline stim
22%
Game mode where you blow up the death star battle station
22%
trait that improves hip fire damage beserker
22%
trait that grants faster cooldown for star cards bounty hunter
22%
Jawa's shotgun CA-87
22%
prevents gun overheating cooling cell
22%
nien nunb pistol DH-17
22%
Cad bane pistol DL-18
22%
Dengar machine gun DLT-19
22%
sniper rifle DLT-19X
22%
Game mode involving Gonk droids droid run
22%
Krennic's pistol DT-29
22%
Game mode ships vs ships Fighter squadron
22%
improves guns accuracy focus fire
22%
missile that locks on to enemy Homing shot
22%
rifle that damages vehicles ion neutralizer
22%
secondary fire pistol K-16 Bryar pistol
22%
allows player to see through wall scan pulse
22%
Scout trooper's weapon scout pistol
22%
blocks enemy view smoke grenade
22%
gives players a damage over time gun stinger pistol
22%
Royal guard blaster T-21
22%
Long range rifle T-21B
22%
Machine gun with secondary fire TL-50
22%
imperial flying droid that shoots enemies viper probe droid
22%
trait that grants damage reduction bodyguard
11%
gun with electric rifle CJ-9 Bo Rifle
11%
overheats nearby enemy weapons disruption
11%
rebel droid that shoots enemies R5-D4 droid
11%
Rebel machine gun RT-97C
11%
marks enemies scout binoculars
11%
trait that improves health regeneration survivalist
11%
20 vs 20 supremacy only on jakku turning point
11%
No matching quizzes found
Score Distribution
Percent of People with Each Score
Percentile by Number Answered
Your Score History
You have not taken this quiz